000 00277nam a2200121Ia 4500
008 190216s9999||||xx |||||||||||||| ||und||
100 _aSankaran S
245 0 _aEconomics And Development Of India
260 _bNew Heights
300 _a994p
650 _aCommerce
942 _cBK
999 _c9325
_d9325